Cliquez sur la bonne langue - Salutations - Statistiques

Statistiques générales
  • Ce quiz a été pris 10 729 fois
    7 744 depuis la dernière actualisation
  • Le résultat moyen est 12 sur 22
Statistiques - réponses
Hint Réponse % Correct
Hello, how are you doing? Anglais
100%
Bonjour, comment allez-vous ? Français
95%
Hallo, wie geht es dir ? Allemand
88%
Hola, ¿cómo está? Espagnol
88%
Buongiorno, come stai ? Italien
85%
Kon'nichiwa. Genkidesu ka? Japonais
72%
Aloha. Pehea ʻoe? Hawaiien
71%
Hallo, hoe gaat het ? Néerlandais
62%
Namaste, aap kaise hain? Hindi
59%
Bom Dia como está ? Portugais
59%
Nǐ hǎo ma? Mandarin
58%
Privet, kak dela ? Russe
52%
Annyonghaseyo. Jal jinaego issnayo? Coréen
44%
Merhaba. Nasılsınız? Turc
40%
Marhaba. Kayfa haluka? Arabe
37%
Buna ziua, ce mai faci? Roumain
31%
Hujambo. Habari gani? Swahili
29%
Selamat Pagi Apa khabar ? Malaisien
28%
Halló Hvernig hefurðu það? Islandais
24%
Helo sut wyt ti? Gallois
22%
Chaírete. Pós eísai? Grec
20%
Moikka. Mitä kuuluu? Finnois
19%
Aucun quiz correspondant
Distribution des résultats
% des personnes avec chaque résultat
Percentile par nombre de réponses
Votre historique - résultats
Vous n’avez pas pris ce quiz depuis la dernière actualisation